| 000 | 00800cam a2200265 4500 | ||
|---|---|---|---|
| 001 | 1724184 | ||
| 003 | NUST - PNEC | ||
| 005 | 20170116180848.0 | ||
| 008 | 731109s1975 nyua b 001 0 eng | ||
| 010 | _a 73018769 | ||
| 020 | _a0023427205 | ||
| 040 |
_aDLC _cLIBRARY _dDLC |
||
| 050 | 0 | 0 |
_aT353 _b.E62 1975 |
| 082 | 0 | 0 | _a604.2 GIE |
| 100 |
_95569 _aGiesecke, Frederick E. |
||
| 245 | 0 | 0 |
_aEngineering graphics _c[by] Frederick E. Giesecke [and others] |
| 250 | _a2d ed. | ||
| 260 |
_aNew York, _bMacmillan _c[1975] |
||
| 300 |
_aviii, 879 p. _billus. _c27 cm. |
||
| 504 | _aBibliography: p. 802-810. | ||
| 650 | 0 |
_aEngineering graphics. _xME |
|
| 700 | 1 |
_aGiesecke, Frederick E. _q(Frederick Ernest), _d1869-1953. |
|
| 906 |
_a7 _bcbc _corignew _d1 _eocip _f19 _gy-gencatlg |
||
| 942 |
_2ddc _cBK |
||
| 999 |
_c64532 _d64532 |
||